| 000 | 00954nam a22002417a 4500 | ||
|---|---|---|---|
| 999 |
_c9113 _d9113 |
||
| 003 | AR-CdUCM | ||
| 008 | 190327b ||||| |||| 00| 0 spa d | ||
| 040 |
_aMUNICIPALIDAD PROVINCIAL DEL CUSCO _cBIBLIOTECA MUNICIPAL DEL CUSCO |
||
| 041 | _heng | ||
| 082 |
_a519 / _bL66 |
||
| 100 |
_aLipschutz, Seymour _925121 |
||
| 245 | _aTeoría y problemas de probabilidad / | ||
| 260 |
_aColombia : _bMcGraw-Hill, _c1968. |
||
| 300 |
_a151 páginas ; _c27 cm. |
||
| 440 |
_aSerie de compendios Schaum _925122 |
||
| 505 | _aContenido : Teoría de conjuntos -- Técnicas de cotar -- Introducción a la probabilidad -- Probabilidades condicional e independencia -- Variables aleatorios -- Distribuciones binominal, normal y de poisson -- Cadenas de Markov. | ||
| 650 |
_aMatematicas _99398 |
||
| 650 |
_aProbabilidad _925123 |
||
| 650 |
_aTeoría y problemas _925124 |
||
| 700 |
_aFerro Duque, Alfredo (traductor) _925125 |
||
| 942 |
_2ddc _cLIBROS |
||
| 945 | _azta | ||